|
|
|
|
| LEADER |
00000nta a2200000 i 4500 |
| 001 |
dolg10637 |
| 005 |
20220628091128.0 |
| 008 |
170512suuuu hu om 000 hun d |
| 040 |
|
|
|a BGE Dolgozattár Repozitórium
|b hun
|
| 041 |
|
|
|a hun
|
| 100 |
1 |
|
|a Péter Gabriella
|
| 245 |
1 |
2 |
|a A Rail Cargo Hungaria Zrt. szervezeti belső kommunikációjának vizsgálata az üzemeltetés és kereskedelem párbeszédére vonatkozóan
|h [elektronikus dokumentum] /
|c Péter Gabriella
|
| 695 |
|
|
|a Szervezeti kommunikáció
|
| 695 |
|
|
|a Belső kommunikáció
|
| 700 |
0 |
1 |
|a Jäckel Katalin
|e ths
|
| 856 |
4 |
0 |
|u http://dolgozattar.uni-bge.hu/10637/2/HivatalosBejegyzes_bizalmas.pdf
|z Dokumentum-elérés
|
| 856 |
4 |
0 |
|u http://dolgozattar.uni-bge.hu/10637/1/Szak%C3%A9rt%C5%91i%20m%C3%A9lyinterj%C3%BA%20leiratok_Mell%C3%A9klet_Szakdolgozat_P%C3%A9ter%20Gabriella.pdf
|z Dokumentum-elérés
|
| 856 |
4 |
0 |
|u http://dolgozattar.uni-bge.hu/10637/3/A%20Rail%20Cargo%20Hungaria%20Zrt.%20bels%C5%91%20szervezeti%20kommunik%C3%A1ci%C3%B3j%C3%A1nak%20vizsg%C3%A1lata%20az%20%C3%9Czemeltet%C3%A9s%20%C3%A9s%20Kereskedelem%20p%C3%A1rbesz%C3%A9d%C3%A9re%20vonatkoz%C3%B3an.pdf
|z Dokumentum-elérés
|
| 856 |
4 |
0 |
|u http://dolgozattar.uni-bge.hu/10637/7/K%C3%A9rd%C5%91%C3%ADves%20megk%C3%A9rdez%C3%A9s_P%C3%A9ter%20Gabriella_A247NI.xlsx
|z Dokumentum-elérés
|